[Event "London Classic op U1825 8th"]
[Site "London"]
[Date "2016.12.10"]
[Round "3"]
[White "Saidmurodov, Shahjahon"]
[Black "O'Caolaidhe, Cormac"]
[Result "0-1"]
[WhiteElo "1374"]
[BlackElo "1630"]
[PlyCount "86"]
[EventDate "2016.12.09"]
[EventType "swiss"]
[EventRounds "5"]
[EventCountry "ENG"]
[SourceTitle "EXT 2019"]
[Source "ChessBase"]
[SourceDate "2018.10.10"]
[SourceVersion "1"]
[SourceVersionDate "2018.10.10"]
[SourceQuality "1"]

1. d4 d5 2. Nf3 Nf6 3. Bg5 e6 4. e3 Be7 5. Bd3 Nc6 6. c3 Ne4 7. Bxe7 Qxe7 8. Nbd2 f5 9. Rc1 0-0 10. c4 Nb4 11. Bb1 c6 12. a3 Na6 13. b4 Nc7 14. Ne5 Ne8 15. f3 Nxd2 16. Qxd2 Nd6 17. c5 Nf7 18. Nxf7 Rxf7 19. a4 e5 20. 0-0 Bd7 21. Bd3 Raf8 22. b5 e4 23. fxe4 fxe4 24. Be2 Qg5 25. Kh1 Rf2 26. Rg1 Bg4 27. Rce1 R8f6 28. Qd1 Bxe2 29. Rxe2 Rxe2 30. Qxe2 Qf5 31. bxc6 bxc6 32. Qa6 Qd7 33. Rb1 h6 34. Kg1 Qf5 35. Qe2 Qd7 36. h3 Rg6 37. Kf1 Rf6+ 38. Ke1 Qc7 39. Kd1 Qa5 40. Ra1 Qc3 41. Rb1 Qa3 42. Qb2 Rf1+ 43. Ke2 Qd3# 0-1